История России с начала XVIII до конца XIX века; История России с древнейших времен до конца XX века

Detalles Bibliográficos
Parent link:История России с древнейших времен до конца XX века: учебное пособие/ Институт российской истории РАН ; отв. ред. А. Н. Сахаров. История России с начала XVIII до конца XIX века.— , 1996-2001
Outros autores: Сахаров А. Н. Андрей Николаевич (редактор), Милов Л. В. Леонид Васильевич, Зырянов П. Н. Павел Николаевич, Боханов А. Н. Александр Николаевич
Idioma:ruso
Publicado: 1996
Subjects:
Formato: Libro
KOHA link:https://koha.lib.tpu.ru/cgi-bin/koha/opac-detail.pl?biblionumber=54222

MARC

LEADER 00000nam2a2200000 4500
001 54222
005 20241209172606.0
010 |a 5881966333 
035 |a (RuTPU)RU\TPU\book\56837 
090 |a 54222 
100 |a 20030702d1996 m y0rusy50 ca 
101 0 |a rus 
102 |a RU 
105 |a aс j 000zd 
200 0 |a История России с начала XVIII до конца XIX века  |f А. Н. Сахаров [и др.]  |g отв. ред. А. Н. Сахаров 
210 |d 1996 
215 |a 544 с.  |c ил. 
461 1 |0 (RuTPU)RU\TPU\book\239068  |t История России с древнейших времен до конца XX века  |o учебное пособие  |f Институт российской истории РАН ; отв. ред. А. Н. Сахаров  |v История России с начала XVIII до конца XIX века  |d 1996-2001 
600 1 |a Пугачев  |g Емельян Иванович  |b Е. И.  |c донской казак  |c предводитель Крестьянской войны 1773 - 1775  |f 1740/1742 - 1775  |2 stltpui  |3 (RuTPU)RU\TPU\pers\1267 
600 1 |a Витте  |g Сергей Юльевич  |c граф  |c российский государственный деятель  |f 1849-1915  |b С. Ю.  |2 stltpui  |3 (RuTPU)RU\TPU\pers\550 
600 0 |a Екатерина Великая  |d II  |f 1729-1796  |c российская императрица с 1762  |c урожденная Софья Фредерика Августа Анхельт-Цербстская  |2 stltpui  |3 (RuTPU)RU\TPU\pers\98 
600 0 |a Александр  |d I  |f 1777-1825  |c российский император с 1801 г.  |c из династии Романовых  |2 stltpui  |3 (RuTPU)RU\TPU\pers\8 
600 0 |a Петр Великий  |d I  |f 1672 - 1725  |c российский царь из династии Романовых  |c первый российский император  |2 stltpui  |3 (RuTPU)RU\TPU\pers\365 
600 0 |a Николай  |d II  |f 1868 - 1918  |c последний российский император  |c из династии Романовых  |2 stltpui  |3 (RuTPU)RU\TPU\pers\336 
600 0 |a Николай  |d I  |c российский император из династии Романовых  |f 1796 - 1855  |2 stltpush  |3 (RuTPU)RU\TPU\pers\7201 
606 |a Россия  |x История  |9 81526 
610 1 |a 18 век 
610 1 |a 19 век 
610 1 |a Российская империя 
610 1 |a политика 
610 1 |a экономика 
610 1 |a реформы 
610 1 |a армия 
610 1 |a флот 
610 1 |a дипломатия 
610 1 |a войны 
610 1 |a культура 
610 1 |a традиции 
610 1 |a дворцовые перевороты 
610 1 |a крестьянство 
610 1 |a финансовая политика 
610 1 |a просвещенный абсолютизм 
610 1 |a крестьянские войны 
610 1 |a общественно-политическая мысль 
610 1 |a внешняя политика 
610 1 |a духовная жизнь 
610 1 |a крепостное право 
610 1 |a общественные движения 
610 1 |a контрреформы 
610 1 |a образование 
610 1 |a православная церковь 
610 1 |a учебные пособия 
686 |a Т3(2)я73  |2 rubbk 
701 1 |a Сахаров  |b А. Н.  |g Андрей Николаевич 
701 1 |a Милов  |b Л. В.  |g Леонид Васильевич 
701 1 |a Зырянов  |b П. Н.  |g Павел Николаевич 
701 1 |a Боханов  |b А. Н.  |g Александр Николаевич 
702 1 |a Сахаров  |b А. Н.  |g Андрей Николаевич  |4 340 
801 1 |a RU  |b 63413507  |c 20030702  |g PSBO 
801 2 |a RU  |b 63413507  |c 20120629  |g PSBO 
942 |c BK